00798 a2200181 45000010006000000050017000060080041000230030015000640400040000790800093001192450093002120200022003052640033003273000019003605050212003790410008005911000017005995776520260407155837.0260407a2007 arg spa dAR-UNSa-BCEJYS aAR-UNSa-BCEJYSbspacAR-UNSa-BCEJYS a339.92xCooperación económica internacional. Integración económica internacional10aLa problemática de la coordinación de políticas en la integraciónpCaso Mercosur a978-987-1330-07-2 1aCórdoba :bAdvocatusc2007 a139 p.c22 cm. a1. Introducción – 2. Factores que afectan la profundización de la investigación en el Mercosur (primera línea de investigación planteada) – 3. Agenda del Mercosur para el mediano y largo plazo  aspa1 aLuna, Manuel